Teoría macroeconómica / (Registro nro. 8710)
[ vista simple ]
| 000 -LEADER | |
|---|---|
| fixed length control field | 01178nam a2200277Ia 4500 |
| 003 - CONTROL NUMBER IDENTIFIER | |
| control field | OSt |
| 005 - DATE AND TIME OF LATEST TRANSACTION | |
| control field | 20211105092405.0 |
| 008 - FIXED-LENGTH DATA ELEMENTS--GENERAL INFORMATION | |
| fixed length control field | 210310t1965 mx ad fr 001 0 spa d |
| 040 ## - CATALOGING SOURCE | |
| Original cataloging agency | CO-JMCR |
| Transcribing agency | CO-JMCR |
| 041 1# - LANGUAGE CODE | |
| Language code of text/sound track or separate title | spa |
| Language code of original | eng |
| 082 04 - DEWEY DECIMAL CLASSIFICATION NUMBER | |
| Classification number | 339 / |
| Item number | A182t |
| Edition number | 23 |
| 100 1# - MAIN ENTRY--PERSONAL NAME | |
| Personal name | Ackley, Gardner, |
| 9 (RLIN) | 18060 |
| Relator term | autor |
| 245 10 - TITLE STATEMENT | |
| Title | Teoría macroeconómica / |
| Statement of responsibility, etc. | Gardner Ackley ; traducción de la 6° reimpresión (1964) en inglés por Manuel de J. Fernández Cepero, C.P. |
| 250 ## - EDITION STATEMENT | |
| Remainder of edition statement | Primera edición en español |
| 260 ## - PUBLICATION, DISTRIBUTION, ETC. | |
| Place of publication, distribution, etc. | México : |
| Name of publisher, distributor, etc. | UTEHA, |
| Date of publication, distribution, etc. | ©1965 |
| 300 ## - PHYSICAL DESCRIPTION | |
| Extent | xvi, 636 páginas |
| Other physical details | ilustraciones y gráficas a blanco y negro ; |
| Dimensions | 21 cm. |
| 490 0# - SERIES STATEMENT | |
| Series statement | Biblioteca "UTEHA" de economía |
| 500 ## - GENERAL NOTE | |
| General note | Titulo original: Macroeconomic theory<br/>Incluye índice alfabético y notas a pie de página. |
| 505 0# - FORMATTED CONTENTS NOTE | |
| Formatted contents note | Conceptos y mediciones -- La macroeconomía clásica -- La macroeconomía Keynesiana -- Algunos desarrollos |
| 546 ## - LANGUAGE NOTE | |
| Language note | Traducido del inglés. |
| 650 14 - SUBJECT ADDED ENTRY--TOPICAL TERM | |
| Topical term or geographic name entry element | Macroeconomía |
| 9 (RLIN) | 18062 |
| 650 24 - SUBJECT ADDED ENTRY--TOPICAL TERM | |
| Topical term or geographic name entry element | Macroeconomía |
| General subdivision | Corrientes |
| 9 (RLIN) | 41427 |
| 650 24 - SUBJECT ADDED ENTRY--TOPICAL TERM | |
| Topical term or geographic name entry element | Macroeconomía |
| General subdivision | Teorías |
| 9 (RLIN) | 41429 |
| 700 1# - ADDED ENTRY--PERSONAL NAME | |
| Personal name | Fernández Cepero, C.P., Manuel de J., |
| Relator term | traductor |
| 9 (RLIN) | 41430 |
| 942 ## - ADDED ENTRY ELEMENTS (KOHA) | |
| Source of classification or shelving scheme | Dewey Decimal Classification |
| Koha item type | Books |
| Withdrawn status | Lost status | Source of classification or shelving scheme | Damaged status | Not for loan | Collection code | Home library | Current library | Date acquired | Source of acquisition | Full call number | Barcode | Date last seen | Copy number | Koha item type |
|---|---|---|---|---|---|---|---|---|---|---|---|---|---|---|
| Dewey Decimal Classification | Non-fiction | Biblioteca Pública José María del Castillo y Rada | Biblioteca Pública José María del Castillo y Rada | 04/15/2018 | Donación | 339 / A182t | 430003982 | 05/16/2024 | Ej.1 | Books |